[Event "Stuttgart-chB int"]
[Site "Ditzingen"]
[Date "2006.05.27"]
[Round "6"]
[White "Odubhlaing, Seosamk"]
[Black "Schindler, Johannes"]
[Result "0-1"]
[WhiteElo "1510"]
[BlackElo "1709"]
[PlyCount "120"]
[EventDate "2006.05.25"]
[EventType "swiss"]
[EventRounds "7"]
[EventCountry "GER"]
[SourceTitle "EXT 2018"]
[Source "ChessBase"]
[SourceDate "2017.10.13"]
[SourceVersion "1"]
[SourceVersionDate "2017.10.13"]
[SourceQuality "1"]

1. e4 c6 2. d4 d5 3. exd5 cxd5 4. c4 Nf6 5. Nf3 Bg4 6. Be2 e6 7. 0-0 dxc4 8. Bxc4 Be7 9. Qb3 Bxf3 10. Qxf3 Qc7 11. Be3 Qxc4 12. Qxb7 Qc6 13. Qb3 0-0 14. Nd2 Nbd7 15. Rac1 Qb6 16. Qd1 Nd5 17. Nc4 Qa6 18. a3 Rfc8 19. b3 Rc7 20. Qf3 Rac8 21. Qg3 N7b6 22. Ne5 Nxe3 23. Qxe3 Nd5 24. Qd2 Rxc1 25. Rxc1 Rxc1+ 26. Qxc1 Qb7 27. g3 Bf6 28. Nf3 Qc7 29. Qxc7 Nxc7 30. a4 Nd5 31. Kf1 Kf8 32. Ke2 Ke7 33. Kd3 Kd6 34. Kc4 Kc6 35. b4 Nb6+ 36. Kb3 Kd5 37. a5 Nc4 38. a6 Bxd4 39. Nxd4 Kxd4 40. b5 Kc5 41. Ka4 Kb6 42. Kb4 Nd6 43. f4 Nxb5 44. Kc4 Kc6 45. g4 Nc7 46. Kd4 Kd6 47. Ke4 Nxa6 48. f5 Nc5+ 49. Kf4 e5+ 50. Kg5 f6+ 51. Kh5 Ne4 52. Kh4 a5 53. h3 a4 54. g5 Nxg5 55. Kh5 a3 56. h4 Nf7 57. Kg4 a2 58. h5 a1Q 59. h6 Qg1+ 60. Kh5 Qg5# 0-1